La historia de David / Sociedades Bíblicas Unidas (Registro nro. 48999)
[ vista simple ]
| 000 -LÍDER | |
|---|---|
| Campo fijo de descripción fija | 005030000a22001930004500 |
| 001 - NÚMERO DE CONTROL | |
| Campo de control | 1845 |
| 003 - IDENTIFICADOR DEL NÚMERO DE CONTROL | |
| Campo de control | CO-MdFUSB |
| 005 - FECHA Y HORA DE LA ULTIMA TRANSACCIÓN | |
| control field | 20171003145657.0 |
| 008 - ELEMENTOS DE LONGITUD FIJA -- INFORMACIÓN GENERAL | |
| Campo fijo de descripción fija -- Información general | 171003b xxu||||| |||| 00| 0 eng d |
| 020 ## - NÚMERO INTERNACIONAL NORMALIZADO PARA LIBROS | |
| Número Internacional Normalizado del libro | 1-931471-12-6 |
| 040 ## - FUENTE DE CATALOGACIÓN | |
| Agencia que realiza la transcripción | CO-MdBIC |
| 082 04 - NÚMERO DE CLASIFICACIÓN DECIMAL DEWEY | |
| Número de clasificación | 868HC So13hd |
| 110 1# - ASIENTO PRINCIPAL--NOMBRE CORPORATIVO | |
| Nombre corporativo o de jurisdicción como elemento de entrada | Sociedades Bíblicas Unidasd |
| 245 10 - TÍTULO | |
| Título del Material | La historia de David / Sociedades Bíblicas Unidas |
| 260 ## - PUBLICACIÓN, DISTRIBUCIÓN, ETC. (PIE DE IMPRENTA) | |
| Lugar de publicación, distribución, etc. | Bogotá: Sociedades Bíblicas Unidas |
| 300 ## - DESCRIPCIÓN FÍSICA | |
| Extensión | 32 P. |
| 650 14 - ASIENTO SECUNDARIO DE MATERIA - TERMINO TEMÁTICO | |
| Término temático o nombre geográfico como elemento de entrada | Historias bíblicas |
| 942 ## - TIPO DE MATERIAL (KOHA) | |
| Tipo de Item KOHA | Z- Libro General BINCO |
| Estado de Material | Estado de Perdido | Forma de Clasificación | Volumen-Parte/Tomo | Estado de Dañado | No para Préstamo | Tomo | Biblioteca de Origen | Biblioteca Permanente | Fecha de Adquisición | Total de Préstamos | Signatura Topográfica | Código de Barras | Última vez visto | Ejemplar/Existencia | Fecha de Remplazo | Tipo de Material |
|---|---|---|---|---|---|---|---|---|---|---|---|---|---|---|---|---|
| Dewey Decimal Classification | Biblioteca Infantil Comunitaria BINCO | Biblioteca Infantil Comunitaria BINCO | 06/12/2008 | 868HC So13hd | B32519 | 24/11/2016 | 1 | 26/01/2016 | Z- Libro General BINCO | |||||||
| Dewey Decimal Classification | Biblioteca Infantil Comunitaria BINCO | Biblioteca Infantil Comunitaria BINCO | 26/03/2010 | 868HC So13hd2 | B32740 | 24/11/2016 | 2 | 26/01/2016 | Z- Libro General BINCO |
